Automobiles that begin with A - Statistics

General Stats
  • This quiz has been taken 31 times
  • The average score is 7 of 37
Answer Stats
Manufacturer Type Answer % Correct
Honda Mid-size car Accord
52%
Lamborghini Supercar Aventador
48%
Dodge Mid-size car Avenger
45%
GMC Full-size crossover Acadia
34%
Hyundai Subcompact car Accent
34%
Chevrolet Minivan Astro
34%
Chevrolet Pickup Avalanche
34%
Ford Minivan Aerostar
31%
Oldsmobile Compact Alero
31%
Nissan Mid-size car Altima
31%
Chevrolet Subcompact car Aveo
31%
Volkswagen Pickup Amarok
28%
Mclaren Supercar Artura
28%
Mini Subcompact crossover Aceman
21%
Volkswagen Mid-size crossover Atlas
21%
Toyota Full-size car Avalon
21%
Pontiac Mid-size crossover Aztek
21%
Subaru Mid-size crossover Ascent
17%
Cadillac Luxury roadster Alante
14%
AMC Muscle car AMX
14%
Plymouth Mid-size car Acclaim
10%
Oldsmobile Compact car Achieva
10%
AMC Mid-size/Full-size Ambassador
10%
Buick Compact car Apollo
10%
Dodge Mid-size car Aries
10%
Nissan Full-sized SUV Armada
10%
Oldsmobile Full-size luxury car Aurora
10%
Lincoln Mid-size luxury crossover Aviator
10%
Isuzu Mid-size SUV Ascender
7%
Dodge Compact car Aspen
7%
Mitsubishi Subcompact crossover ASX
7%
Saturn Mid-size car Aura
7%
Chrysler Full-size car Airflow
3%
Ford Small family car Anglia
3%
Fiat Subcompact car Argo
3%
Fiat Subcompact car Albea
0%
Pontiac Subcompact Astre
0%
No matching quizzes found
Score Distribution
Percent of People with Each Score
Percentile by Number Answered
Your Score History
You have not taken this quiz